Plus Grandes Villes de France par Lettre - P - Statistiques

Statistiques générales
  • Ce quiz a été pris 443 fois
  • Le résultat moyen est 8 sur 20
Réponses sur la Carte
Les réponses sont colorées sur une échelle allant du rouge au vert en fonction du pourcentage des utilisateurs qui les ont devinées à leur premier essai. Vous pouvez retrouver ces pourcentages ci-dessous.
 
Statistiques - réponses
Population Ville % Correct
2 133 111 Paris
99%
119 656 Perpignan
91%
77 066 Pau
88%
90 240 Poitiers
84%
29 516 Périgueux
55%
66 760 Pessac
49%
60 800 Pantin
41%
40 016 Poissy
36%
31 327 Pontoise
36%
26 926 Papeete
35%
33 336 Le {Port}
33%
34 893 Palaiseau
33%
43 672 Puteaux
32%
29 228 Le {Plessis}-{Robinson}
21%
38 258 Pontault-Combault
16%
34 213 Le {Perreux}-{sur}-{Marne}
13%
31 375 Plaisir
13%
32 379 Pierrefitte-sur-Seine
12%
35 245 La {Possession}
10%
28 103 Punaauia
4%
Aucun quiz correspondant
Distribution des résultats
% des personnes avec chaque résultat
Percentile par nombre de réponses
Votre historique - résultats
Vous n’avez pas pris ce quiz